All 80+ Rated Spanish Players on FIFA 20 - Statistics

General Stats
  • This quiz has been taken 50 times
  • The average score is 44 of 95
Answer Stats
Rating # Club Answer % Correct
89 GK Man United David de Gea
100%
88 CAM Man City David Silva
100%
88 CB Barcelona Gerard Pique
98%
87 LB Barcelona Jordi Alba
98%
89 CB Real Madrid Sergio Ramos
98%
89 CDM Barcelona Sergio Busquets
95%
87 CM Bayern Thiago
95%
84 GK Chelsea Kepa
93%
85 CDM Man City Rodri
90%
85 RB Real Madrid Dani Carvajal
88%
86 CAM Real Madrid Isco
88%
85 ST Celta Iago Aspas
83%
80 CB Bilbao Inigo Martinez
83%
84 CDM Bayern Javi Martinez
83%
85 RM Atletico Koke
83%
86 CM Valencia Dani Parejo
80%
83 GK FC Porto Iker Casillas
80%
85 CM Atletico Saul
80%
83 CM Vissel Kobe Andres Iniesta
78%
83 LW Real Madrid Marco Asensio
75%
82 CAM Man United Juan Mata
73%
81 LB Chelsea Marcos Alonso
73%
80 ST Getafe Mata
73%
83 ST Atletico Diego Costa
63%
80 GK Espanyol Diego Lopez
60%
83 GK Roma Pau Lopez
60%
82 RW Chelsea Pedro
60%
83 ST Atletico Alvaro Morata
58%
84 RW Napoli Jose Callejon
55%
81 RW Real Madrid Lucas Vazquez
55%
84 CAM Lazio Luis Alberto
55%
83 CAM PSG Pablo Sarabia
55%
83 CB Villarreal Raul Albiol
55%
82 RB Barcelona Sergi Roberto
55%
83 CM Napoli Fabian
53%
82 CB Real Madrid Nacho Fernandez
53%
81 ST Villarreal Gerard Moreno
50%
80 RB Arsenal Hector Bellerin
50%
83 ST Valencia Rodrigo
50%
82 CAM PSG Ander Herrera
48%
80 LB PSG Bernat
48%
80 CM Atletico Marcos Llorente
48%
82 ST Bilbao Aritz Aduriz
45%
81 CM Monaco Cesc Fabregas
45%
82 RM Sevilla Jesus Navas
45%
82 GK Aston Villa Pepe Reina
45%
81 CM Arsenal Dani Ceballos
43%
83 LB Benfica Grimaldo
43%
84 CAM Real Betis Sergio Canales
43%
82 RW Sevilla Suso
43%
82 ST Bilbao Inaki Williams
40%
83 CDM Sociedad Asier Illarramendi
38%
83 ST Real Betis Borja Iglesias
38%
81 CM Bilbao Dani Garcia
38%
80 RF Watford Gerard Deulofeu
38%
80 LM Real Betis Joaquin
38%
81 LB Valencia Jose Gaya
38%
83 ST Villarreal Paco Alcacer
38%
80 CAM Bilbao Raul Garcia
38%
82 LW Sociedad Oyarzabal
35%
83 CB Real Betis Marc Bartra
33%
80 RB Bayern Odriozola
33%
80 CB Bilbao Ibai Gomez
30%
82 CAM Bilbao Iker Muniain
30%
82 CM Villarreal Santi Cazorla
30%
82 GK Villarreal Sergio Asenjo
30%
80 RM Valencia Carlos Soler
28%
81 CAM West Ham Pablo Fornals
28%
81 GK Atletico Adan
25%
80 CB Bilbao Sergi Gomez
25%
80 CB Atletico Mario Hermoso
23%
82 ST Levante Morales
23%
81 CM Bilbao Benat
20%
80 RW Milan Samu Castillejo
20%
80 LB Sevilla Sergio Reguilon
20%
82 GK Getafe David Soria
18%
82 GK Alaves Pacheco
18%
80 CM Levante Campana
15%
80 LW Real Betis Cristian Tello
15%
81 GK Valladolid Jordi Masip
15%
80 GK Sociedad Moya
15%
80 CF Sociedad Portu
15%
80 ST Celta Santi Mina
15%
81 CAM Las Palmas Jonathan Viera
13%
80 ST Real Betis Loren
13%
80 CDM Villarreal Manu Trigueros
13%
80 CAM Toronto Pozuelo
13%
80 CB Bilbao Yeray
13%
80 RM Eibar Pedro Leon
10%
80 ST Eibar Sergi Enrich
10%
80 ST Getafe Jorge Molina
8%
80 CDM Espanyol Sergi Darder
8%
80 LW Lazio Jony
5%
80 RM Espanyol Melendo
5%
84 CB Chelsea Cesar Azpilcueta
3%
No matching quizzes found
Score Distribution
Percent of People with Each Score
Percentile by Number Answered
Your Score History
You have not taken this quiz